000 01110nam0a22002891 4500
001 rc\3900619
005 20130415104356.4
021 _aRU
_b[56-11013]
035 _a(NLR Aleph) 008013467
090 _a8715192
_c8715192
100 _a20130415d1956 u y0rusy50 ca
101 0 _arus
102 _aRU
105 _aa z |||||
200 1 _aКалийные удобрения и их применение
210 _aМосква
_cСельхозгиз
_d1956
215 _a96 с.
_cил.
_d20
300 _aПеред загл. авт.: П.А. Баранов, акад., Д.А. Кореньков, канд. с.-х. наук
320 _aБиблиогр. в конце книги
606 _aКалийные удобрения
_2psbo
700 1 _7ca
_8rus
_aБаранов
_bП. А.
_cд-р биол. наук
_f1892-1962
_gПавел Александрович
_9151821
_3RU\NLR\AUTH\770151859
701 1 _aКореньков
_bД.А.
_gДмитрий Александрович
801 0 _aRU
_bNLR
_gpsbo
801 1 _aRU
_bELAR
_2rusmarc
852 _aNLR
_jС30 Г-4/1474
942 _cBOOK
980 _aNB